000 00600cam a22002053a 4500
001 39089
003 PGUSA
005 20140828083851.0
008 120310s2012||||xxu|||||s|||||000 | eng d
040 _aPGUSA
_beng
042 _adc
100 1 _aJackson, W. H.
245 1 0 _aDescriptive Catalogue of Photographs of North American Indians
_h[electronic resource] /
_cW. H. Jackson
260 _bProject Gutenberg,
_c2012
506 _aPublic domain in the USA.
516 _aElectronic text
830 0 _aProject Gutenberg
_v39089
856 4 0 _uhttp://www.gutenberg.org/ebooks/39089
942 _cEB
999 _c268342
_d268342